LIBRARY & INFORMATION CENTRE, KCAET, TAVANUR

ONLINE PUBLIC ACCESS CATALOGUE (OPAC)

Advanced chemical calculations in organic, analytical and physical chemistry / (Record no. 9563)

MARC details
000 -LEADER
fixed length control field 00518cam a2200193ua 4500
041 ## - LANGUAGE CODE
Language code of text/sound track or separate title eng
082 ## - DEWEY DECIMAL CLASSIFICATION NUMBER
Classification number 541
Item number SAJ/AD
100 ## - MAIN ENTRY--AUTHOR NAME
Personal name Satya Prakash, .
245 ## - TITLE STATEMENT
Title Advanced chemical calculations in organic, analytical and physical chemistry /
250 ## - EDITION STATEMENT
Edition statement 5 /
260 ## - PUBLICATION, DISTRIBUTION, ETC. (IMPRINT)
Place of publication New Delhi :
Name of publisher S.Chand and Co ,
Year of publication 1962.
300 ## - PHYSICAL DESCRIPTION
Number of Pages 427 ; .
700 1# - ADDED ENTRY--PERSONAL NAME
Personal name Ram Das, Tiwari .
942 ## - ADDED ENTRY ELEMENTS (KOHA)
Koha item type Books
Holdings
Withdrawn status Lost status Damaged status Home library Current library Date acquired Cost, normal purchase price Full call number Accession Number Koha item type
Withdrawn     KAUAET KAUAET 07/04/2012 5.70 541 SAT/AD 7524 Books
free website counter